Statistics for Provinces of New Zealand

Click here to take the quiz!

General Stats

  • This quiz has been taken 9 times
  • The average score is 8 of 10

Answer Stats

Established fromAnswer% Correct
New Munster (1853)Wellington
100%
New Ulster (1853)Auckland
89%
New Munster (1853)Canterbury
89%
New Munster (1853)Nelson
89%
New Munster (1853)Otago
89%
Wellington (1858)Hawke's Bay
78%
Otago (1861)Southland
67%
New Ulster (1853)Taranaki
67%
Nelson (1859)Marlborough
56%
Canterbury (1873)Westland
44%

Score Distribution

Percentile by Number Answered

Percent of People with Each Score

Your Score History

You have not taken this quiz